| 000 | 00559pam a2200217 a 4500 | ||
|---|---|---|---|
| 001 | 3751508 | ||
| 005 | 20180124084736.0 | ||
| 008 | 821018s1983 nyu b 001 0 eng | ||
| 010 | _a 82019040 | ||
| 020 |
_a0030628776 : _c$27.95 |
||
| 040 |
_aDLC _cDLC _dDLC |
||
| 041 | _aeng | ||
| 080 | _a332.46 MAC | ||
| 082 | 0 | 0 |
_a332.46 MAC _219 |
| 100 | 1 | _a52 | |
| 101 | _aEKO | ||
| 245 | 1 | 0 |
_aMonetarism, theory and policy / _cGeorge Macesich. |
| 504 | _aBibliography: p. 237-263. | ||
| 906 |
_a7 _bcbc _corignew _d1 _eocip _f19 _gy-gencatlg |
||
| 942 |
_2ddc _cBK |
||
| 999 |
_c40885 _d40885 |
||